Revolution of Conscience : (Record no. 615863)

MARC details
000 -LEADER
fixed length control field 00493nam a2200193 a 4500
008 - FIXED-LENGTH DATA ELEMENTS--GENERAL INFORMATION
fixed length control field 260225s1997##################000#0#eng##
020 ## - INTERNATIONAL STANDARD BOOK NUMBER
ISBN 9781572301696
082 04 - DEWEY DECIMAL CLASSIFICATION NUMBER
Classification number 323.092
Item number MOS
100 1# - MAIN ENTRY--AUTHOR NAME
Personal name Moses, Greg,
245 10 - TITLE STATEMENT
Title Revolution of Conscience :
260 ## - PUBLICATION, DISTRIBUTION, ETC. (IMPRINT)
Name of publisher Garland Science,
Year of publication 1997.
300 ## - PHYSICAL DESCRIPTION
Number of Pages 238 pages
650 #0 - SUBJECT ADDED ENTRY--TOPICAL TERM
Topical Term Philosophy.
942 ## - ADDED ENTRY ELEMENTS (KOHA)
Koha item type English Books
Holdings
Withdrawn status Lost status Damaged status Not for loan Home library Current library Shelving location Date acquired Full call number Accession Number Price effective from Koha item type
        Anna Centenary Library Anna Centenary Library 3RD FLOOR, B WING 25.02.2026 323.092 MOS 171154 25.02.2026 English Books

Find us on the map